000 00213nam a22000857a 4500
008 160716b xxu||||| |||| 00| 0 eng d
100 _92925
_a Donald, G.M
245 _aThe Vicar's Daughter
260 _aILL
_bVictor
_c1985
999 _c2490
_d2490